000 00572cam a2200193 4500500
005 20260405003414.0
041 _afre
042 _adc
245 0 0 _aLe Monde à la première personne
260 _c2021.
500 _a3
690 _aAmitié
690 _aAndré Comte-Sponville
690 _aFrancis Wolff
690 _aHumanisme
690 _aUniversalisme
786 0 _nPhilosophie magazine | 153 | 10 | 2021-10-01 | p. 73-73 | 1951-1787
856 4 1 _uhttps://shs.cairn.info/magazine-philosophie-magazine-2021-10-page-73?lang=fr&redirect-ssocas=7080
999 _c2067204
_d2067204